LEADER 01210nam a2200253 i 4500 001 991001160019707536 008 040719s2000 it 001 0 ita d 020 $a8885316018 035 $ab13329455-39ule_inst 040 $aDip.to Filologia Ling. e Lett.$bita 100 1 $aRomani, Valentino$0155234 245 13$aIl "Syntagma de arte typographica" di Juan Caramuel ed altri testi secenteschi sulla tipografia e l'edizione /$cV. Romani 260 $aManziana :$bVecchiarelli,$c1988, stampa 2000 300 $aXXIII, 159 p. ;$c24 cm. 504 $aInclude indice dei nomi 600 14$aCaramuel, Juan.$tSyntagma de arte typographica 650 4$aTipografia$xStoria$ySec. 17.$xDocumenti 907 $a.b13329455$b08-01-10$c19-07-05 912 $a991001160019707536 945 $aLE008 LLI O IX 143$g1$i2008000109929$lle008$o-$pE0.00$q-$rl$s- $t0$u0$v0$w0$x0$y.i14109244$z19-07-05 945 $aLE002 Bibl. Ris. 482$g1$i2002000607119$lle002$o-$pE0.00$q-$rn$so $t0$u0$v0$w0$x0$y.i15053982$z08-01-10 996 $a"Syntagma de arte typographica" di Juan Caramuel ed altri testi secenteschi sulla tipografia e l'edizione$91105032 997 $aUNISALENTO 998 $ale008$ale002$b19-07-04$cm$da $e-$fita$git $h3$i0 LEADER 01543nam0 2200349 i 450 001 IEI0211115 005 20231121125509.0 010 $a8831783653 100 $a20041011d2003 ||||0itac50 ba 101 | $aita 102 $ait 181 1$6z01$ai $bxxxe 182 1$6z01$an 200 1 $aItaliane alla guerra$e˜l'œassistenza ai feriti 1915-1918$fStefania Bartoloni 210 $aVenezia$cMarsilio$d2003 215 $a233 p., [16] p. di tav.$cill.$d22 cm. 225 | $aSaggi 410 0$1001CFI0022487$12001 $aSaggi 606 $aDonne infermiere$xGuerra mondiale 1914-1918$2FIR$3RMLC254234$9I 606 $aCroce rossa$xStoria$xOrigini$xSec. 19.$2FIR$3RMLC293321$9I 676 $a940.3082$9STORIA D'EUROPA. Prima guerra mondiale, 1914-1918. In riferimento a categori di persone. Donne$v20 700 1$aBartoloni$b, Stefania$3IEIV050041$4070$0147299 801 3$aIT$bIT-01$c20041011 850 $aIT-RM0289 $aIT-RM0460 $aIT-FR0017 899 $aBiblioteca Statale A. Baldini$bRM0289 899 $aBiblioteca Dell' Archivio Centrale Dello Stato$bRM0460 899 $aBiblioteca umanistica Giorgio Aprea$bFR0017 912 $aIEI0211115 950 0$aBiblioteca umanistica Giorgio Aprea$d 52DES 940 Bar.Ita.$e 52SBA0000159015 VMB RS $fA $h20130710$i20130710$lA Bruna e Enza con tanto affetto ed amicizia Stefania Aprile 2004$mDedica dell'autore 977 $a 04$a 27$a 52 996 $aItaliane alla guerra$9724405 997 $aUNICAS